000 00984nam a2200229 a 4500
001 59420
003 BD-RjUL
005 20211209080727.0
008 161224s1987 ii ||||| |||| 00| 0 ben d
035 _a(BD-RjUL)59544
040 _aBD-RjUL
_bben
_cBD-RjUL
_dBD-RjUL
041 _aben
082 _223
_a351.5492
_bRAP 1987
100 1 _aরায়, জয়ন্তকুমার
_9208737
245 1 0 _aপ্রশাসনের অন্দরমহল:
_bবাংলাদেশ /
_cজয়ন্তকুমার রায় , মুনতাসীর মামুন
260 _aকলকাতা :
_bপ্যাপিরাস,
_c১৯৮৭
300 _a[১০], ২৯৯ পৃ. ;
_c২২ সেমি.
650 _aলোকপ্রশাসন
_vবাংলাদেশ
_9162717
650 _aPublic Administration
_vBangladesh
_9162451
700 _aমামুন, মুনতাসীর, যুগ্ম লেখক
_9237643
942 _2ddc
_cBK
999 _c59420
_d59420